[Event "Irwin/Haring/Denker/Barber/Rockefeller Championships 2021"]
[Site "Crowne Plaza Cherry Hill, United States"]
[Date "????.??.??"]
[Round "5.1"]
[White "Enkhbat, Tegshsuren"]
[Black "Eckert, Doug"]
[Result "0-1"]
[TimeControl "G/90;+30"]
[WhiteTitle "IM"]
[BlackTitle "FM"]
[WhiteElo "2373"]
[BlackElo "2266"]

1. d4 {[%clk 01:30:53]} {[%emt 00:00:42]} Nf6 {[%clk 01:30:25]} {[%emt
00:00:06]} 2. c4 {[%clk 01:31:08]} {[%emt 00:00:18]} e6 {[%clk 01:30:47]}
{[%emt 00:00:08]} 3. g3 {[%clk 01:31:07]} {[%emt 00:00:42]} d5 {[%clk
01:31:10]} 4. Bg2 {[%clk 01:30:49]} {[%emt 00:00:59]} dxc4 {[%clk 01:31:27]}
{[%emt 00:00:13]} 5. Nf3 {[%clk 01:30:41]} {[%emt 00:00:15]} c6 {[%clk
01:31:54]} {[%emt 00:00:11]} 6. O-O {[%clk 01:23:35]} {[%emt 00:07:46]} b5
{[%clk 01:30:45]} {[%emt 00:01:31]} 7. a4 {[%clk 01:22:54]} {[%emt 00:04:06]}
Bb7 {[%clk 01:29:57]} 8. Ne5 {[%clk 01:21:49]} a6 {[%clk 01:26:59]} {[%emt
00:03:16]} 9. b3 {[%clk 01:21:32]} {[%emt 00:01:08]} cxb3 {[%clk 01:23:08]}
{[%emt 00:04:01]} 10. Bb2 {[%clk 01:20:42]} {[%emt 00:01:18]} Qb6 {[%clk
01:19:45]} {[%emt 00:03:52]} 11. Qxb3 {[%clk 01:18:16]} {[%emt 00:03:15]} Nbd7
{[%clk 01:19:02]} {[%emt 00:00:54]} 12. Nxd7 {[%clk 01:11:57]} {[%emt
00:06:49]} Nxd7 {[%clk 01:19:17]} {[%emt 00:00:36]} 13. e4 {[%clk 01:11:50]}
{[%emt 00:00:44]} Be7 {[%clk 01:03:51]} {[%emt 00:16:16]} 14. d5 {[%clk
00:56:10]} {[%emt 00:15:22]} e5 {[%clk 01:04:15]} {[%emt 00:00:42]} 15. Bh3
{[%clk 00:47:07]} {[%emt 00:08:58]} Nc5 {[%clk 01:00:23]} {[%emt 00:04:20]} 16.
Qd1 {[%clk 00:45:13]} {[%emt 00:02:30]} O-O {[%clk 00:54:57]} {[%emt 00:06:19]}
17. Bxe5 {[%clk 00:41:01]} {[%emt 00:04:14]} Nxe4 {[%clk 00:50:09]} {[%emt
00:05:17]} 18. Bd4 {[%clk 00:27:15]} {[%emt 00:14:44]} Bc5 {[%clk 00:45:59]}
{[%emt 00:04:12]} 19. Bxg7 {[%clk 00:26:11]} {[%emt 00:01:37]} Nxf2 {[%clk
00:42:12]} {[%emt 00:04:34]} 20. Rxf2 {[%clk 00:25:58]} {[%emt 00:00:32]} Bxf2+
{[%clk 00:42:31]} {[%emt 00:00:04]} 21. Kg2 {[%clk 00:25:43]} {[%emt 00:01:11]}
Kxg7 {[%clk 00:37:31]} {[%emt 00:05:06]} 22. Qg4+ {[%clk 00:23:47]} {[%emt
00:02:24]} Kh8 {[%clk 00:37:15]} {[%emt 00:01:07]} 23. Qh5 {[%clk 00:23:55]}
{[%emt 00:00:04]} Bc8 {[%clk 00:32:40]} {[%emt 00:05:07]} 24. Bxc8 {[%clk
00:23:05]} {[%emt 00:01:12]} Raxc8 {[%clk 00:33:00]} {[%emt 00:00:17]} 25. Ra3
{[%clk 00:23:07]} {[%emt 00:00:34]} Bd4 {[%clk 00:30:23]} {[%emt 00:02:54]} 0-1

[Event "Irwin/Haring/Denker/Barber/Rockefeller Championships 2021"]
[Site "Crowne Plaza Cherry Hill, United States"]
[Date "????.??.??"]
[Round "5.2"]
[White "Szpisjak, Steven"]
[Black "Khmelnitsky, Igor"]
[Result "0-1"]
[TimeControl "G/90;+30"]
[BlackTitle "IM"]
[WhiteElo "2232"]
[BlackElo "2488"]

1. e4 {[%clk 01:30:55]} Nf6 {[%clk 01:30:10]} {[%emt 00:00:43]} 2. e5 {[%clk
01:31:14]} {[%emt 00:00:26]} Nd5 {[%clk 01:30:38]} 3. c4 {[%clk 01:31:34]}
{[%emt 00:00:27]} Nb6 {[%clk 01:31:05]} 4. c5 {[%clk 01:31:55]} Nd5 {[%clk
01:31:32]} 5. Bc4 {[%clk 01:32:13]} e6 {[%clk 01:31:43]} {[%emt 00:00:36]} 6.
d4 {[%clk 01:32:37]} b6 {[%clk 01:30:42]} {[%emt 00:01:27]} 7. cxb6 {[%clk
01:21:02]} {[%emt 00:12:46]} Nxb6 {[%clk 01:30:22]} 8. Bd3 {[%clk 01:19:40]}
{[%emt 00:01:51]} d5 {[%clk 01:29:48]} {[%emt 00:01:04]} 9. Qg4 {[%clk
01:18:16]} {[%emt 00:01:52]} Ba6 {[%clk 01:28:36]} {[%emt 00:01:49]} 10. Bxa6
{[%clk 01:16:02]} {[%emt 00:02:53]} Nxa6 {[%clk 01:28:21]} {[%emt 00:00:30]} 11.
Qe2 {[%clk 01:07:52]} {[%emt 00:08:40]} Qc8 {[%clk 01:27:12]} {[%emt 00:02:03]}
12. Nf3 {[%clk 01:06:26]} {[%emt 00:01:31]} c5 {[%clk 01:26:01]} {[%emt
00:05:30]} 13. O-O {[%clk 01:01:47]} {[%emt 00:01:27]} cxd4 {[%clk 01:23:29]}
{[%emt 00:02:55]} 14. Bf4 {[%clk 01:00:20]} {[%emt 00:02:01]} Qc4 {[%clk
01:22:00]} {[%emt 00:05:52]} 15. Qxc4 {[%clk 01:00:15]} Nxc4 {[%clk 01:13:22]}
{[%emt 00:05:46]} 16. b3 {[%clk 00:59:31]} {[%emt 00:01:16]} Na5 {[%clk
01:08:01]} {[%emt 00:07:10]} 17. Nxd4 {[%clk 00:56:20]} {[%emt 00:06:42]} Bc5
{[%clk 01:08:08]} 18. Be3 {[%clk 00:52:14]} {[%emt 00:01:11]} Nb4 {[%clk
01:01:06]} {[%emt 00:07:04]} 19. Rc1 {[%clk 00:48:16]} {[%emt 00:04:20]} Bxd4
{[%clk 00:59:06]} {[%emt 00:02:34]} 20. Bxd4 {[%clk 00:48:36]} {[%emt
00:00:09]} Nac6 {[%clk 00:59:03]} {[%emt 00:00:29]} 21. Bb2 {[%clk 00:42:46]}
{[%emt 00:06:21]} Kd7 {[%clk 00:58:12]} {[%emt 00:01:42]} 22. Rc3 {[%clk
00:34:08]} {[%emt 00:08:48]} Nxe5 {[%clk 00:46:55]} {[%emt 00:11:47]} 23. Rg3
{[%clk 00:34:23]} {[%emt 00:00:30]} Nc2 {[%clk 00:42:15]} {[%emt 00:04:56]} 24.
Bxe5 {[%clk 00:33:36]} {[%emt 00:01:47]} Rhc8 {[%clk 00:42:32]} 25. h4 {[%clk
00:28:20]} {[%emt 00:06:15]} g6 {[%clk 00:39:40]} {[%emt 00:02:55]} 26. Rf3
{[%clk 00:23:42]} {[%emt 00:04:54]} f5 {[%clk 00:38:57]} {[%emt 00:01:07]} 27.
Kh2 {[%clk 00:17:16]} {[%emt 00:06:57]} Nxa1 {[%clk 00:38:42]} {[%emt
00:00:44]} 28. Bxa1 {[%clk 00:17:38]} {[%emt 00:00:24]} Rc1 {[%clk 00:39:00]}
29. h5 {[%clk 00:16:15]} {[%emt 00:01:52]} Rxb1 {[%clk 00:39:03]} {[%emt
00:00:27]} 30. Bg7 {[%clk 00:14:58]} {[%emt 00:01:59]} Rg8 {[%clk 00:38:50]}
{[%emt 00:00:36]} 31. Bd4 {[%clk 00:14:57]} {[%emt 00:00:23]} g5 {[%clk
00:38:37]} {[%emt 00:00:46]} 32. g4 {[%clk 00:13:33]} {[%emt 00:01:53]} f4
{[%clk 00:37:25]} {[%emt 00:02:00]} 33. Rc3 {[%clk 00:08:46]} {[%emt 00:05:00]}
Rc8 {[%clk 00:36:08]} {[%emt 00:01:44]} 34. Rxc8 {[%clk 00:08:17]} {[%emt
00:01:14]} Kxc8 {[%clk 00:36:12]} {[%emt 00:00:19]} 35. h6 {[%clk 00:06:31]}
{[%emt 00:02:42]} Kd7 {[%clk 00:35:59]} {[%emt 00:00:11]} 36. Bf6 {[%clk
00:06:35]} {[%emt 00:00:23]} Re1 {[%clk 00:35:41]} {[%emt 00:01:19]} 37. Bxg5
{[%clk 00:06:40]} {[%emt 00:00:04]} e5 {[%clk 00:35:55]} {[%emt 00:00:06]} 38.
Bf6 {[%clk 00:06:11]} {[%emt 00:00:59]} Ke6 {[%clk 00:36:04]} {[%emt 00:00:32]}
39. g5 {[%clk 00:05:47]} {[%emt 00:00:44]} Kf5 {[%clk 00:36:08]} {[%emt
00:00:43]} 0-1

[Event "Irwin/Haring/Denker/Barber/Rockefeller Championships 2021"]
[Site "Crowne Plaza Cherry Hill, United States"]
[Date "????.??.??"]
[Round "5.3"]
[White "Winslow, Elliott"]
[Black "Root, Douglas"]
[Result "0-1"]
[TimeControl "G/90;+30"]
[WhiteTitle "IM"]
[BlackTitle "IM"]
[WhiteElo "2278"]
[BlackElo "2556"]

1. e4 {[%clk 01:22:45]} {[%emt 00:08:49]} e6 {[%clk 01:30:40]} 2. d4 {[%clk
01:22:49]} {[%emt 00:00:21]} d5 {[%clk 01:31:06]} 3. Nd2 {[%clk 01:22:38]}
{[%emt 00:00:40]} Nf6 {[%clk 01:31:30]} {[%emt 00:00:39]} 4. e5 {[%clk
01:23:02]} Nfd7 {[%clk 01:31:56]} 5. Bd3 {[%clk 01:23:25]} {[%emt 00:00:03]} c5
{[%clk 01:32:21]} 6. c3 {[%clk 01:23:50]} Nc6 {[%clk 01:32:47]} 7. Ne2 {[%clk
01:24:13]} {[%emt 00:00:03]} cxd4 {[%clk 01:33:10]} {[%emt 00:00:09]} 8. cxd4
{[%clk 01:24:38]} f6 {[%clk 01:33:34]} {[%emt 00:00:04]} 9. exf6 {[%clk
01:24:47]} {[%emt 00:00:18]} Nxf6 {[%clk 01:33:59]} {[%emt 00:00:41]} 10. O-O
{[%clk 01:25:07]} Bd6 {[%clk 01:34:24]} 11. Nf3 {[%clk 01:25:27]} O-O {[%clk
01:34:46]} 12. Bf4 {[%clk 01:25:09]} {[%emt 00:00:48]} Bxf4 {[%clk 01:35:08]}
{[%emt 00:00:08]} 13. Nxf4 {[%clk 01:25:32]} {[%emt 00:00:08]} Ne4 {[%clk
01:35:32]} {[%emt 00:07:09]} 14. Ne2 {[%clk 01:25:02]} Rxf3 {[%clk 01:26:22]}
{[%emt 00:03:40]} 15. gxf3 {[%clk 01:24:57]} {[%emt 00:01:03]} Ng5 {[%clk
01:26:45]} 16. Kh1 {[%clk 01:20:33]} {[%emt 00:04:56]} e5 {[%clk 01:12:07]}
{[%emt 00:14:42]} 17. dxe5 {[%clk 00:55:13]} {[%emt 00:25:47]} Nxf3 {[%clk
01:06:27]} {[%emt 00:06:25]} 18. Ng1 {[%clk 00:53:21]} {[%emt 00:02:27]} Nfxe5
{[%clk 01:06:32]} {[%emt 00:00:41]} 19. f4 {[%clk 00:42:38]} {[%emt 00:10:54]}
Nxd3 {[%clk 01:03:36]} {[%emt 00:03:08]} 20. Qxd3 {[%clk 00:43:06]} {[%emt
00:00:05]} g6 {[%clk 01:03:42]} {[%emt 00:00:21]} 21. h3 {[%clk 00:41:42]}
{[%emt 00:02:28]} Bf5 {[%clk 01:03:46]} 22. Qd2 {[%clk 00:41:00]} {[%emt
00:01:03]} d4 {[%clk 01:00:17]} {[%emt 00:04:00]} 23. Kh2 {[%clk 00:38:32]}
{[%emt 00:02:58]} d3 {[%clk 00:54:58]} {[%emt 00:06:17]} 24. Nf3 {[%clk
00:34:56]} {[%emt 00:03:47]} Qd7 {[%clk 00:54:14]} {[%emt 00:01:15]} 25. Nh4
{[%clk 00:29:39]} {[%emt 00:05:37]} Be4 {[%clk 00:31:51]} {[%emt 00:23:30]} 26.
Rae1 {[%clk 00:28:15]} {[%emt 00:01:22]} Re8 {[%clk 00:32:02]} {[%emt
00:00:13]} 27. f5 {[%clk 00:19:13]} {[%emt 00:09:47]} Nd4 {[%clk 00:27:07]}
{[%emt 00:06:12]} 28. f6 {[%clk 00:13:03]} {[%emt 00:06:14]} Kf7 {[%clk
00:26:56]} {[%emt 00:00:22]} 29. Qh6 {[%clk 00:06:21]} {[%emt 00:07:01]} Qd6+
{[%clk 00:25:40]} {[%emt 00:01:40]} 30. Rf4 {[%clk 00:04:29]} {[%emt 00:02:50]}
Ne2 {[%clk 00:25:40]} {[%emt 00:00:03]} 31. Qxh7+ {[%clk 00:04:31]} {[%emt
00:00:33]} Ke6 {[%clk 00:25:50]} {[%emt 00:00:18]} 32. Nxg6 {[%clk 00:04:18]}
{[%emt 00:01:11]} Bxg6 {[%clk 00:14:12]} {[%emt 00:12:46]} 33. Qxg6 {[%clk
00:04:35]} Qxf4+ {[%clk 00:14:35]} 34. Kg2 {[%clk 00:05:04]} Rd8 {[%clk
00:14:30]} 35. Rf1 {[%clk 00:04:23]} {[%emt 00:01:26]} Qe5 {[%clk 00:14:28]}
{[%emt 00:00:19]} 36. Qg4+ {[%clk 00:03:24]} {[%emt 00:01:24]} Kd6 {[%clk
00:14:09]} {[%emt 00:00:44]} 37. f7 {[%clk 00:02:14]} {[%emt 00:02:10]} d2
{[%clk 00:04:37]} {[%emt 00:10:01]} 38. Qb4+ {[%clk 00:02:11]} Kc7 {[%clk
00:04:31]} {[%emt 00:01:04]} 39. Rf3 {[%clk 00:00:35]} {[%emt 00:02:01]} d1=Q
{[%clk 00:04:34]} {[%emt 00:00:12]} 0-1

[Event "Irwin/Haring/Denker/Barber/Rockefeller Championships 2021"]
[Site "Crowne Plaza Cherry Hill, United States"]
[Date "????.??.??"]
[Round "5.4"]
[White "Chen, Justin"]
[Black "Liang, Awonder"]
[Result "0-1"]
[TimeControl "G/90;+30"]
[WhiteTitle "FM"]
[BlackTitle "GM"]
[WhiteElo "2390"]
[BlackElo "2674"]

1. d4 {[%clk 01:30:53]} Nf6 {[%clk 01:30:56]} {[%emt 00:00:15]} 2. c4 {[%clk
01:31:18]} g6 {[%clk 01:31:22]} 3. Nc3 {[%clk 01:31:43]} Bg7 {[%clk 01:31:47]}
4. e4 {[%clk 01:32:09]} d6 {[%clk 01:32:09]} 5. h3 {[%clk 01:32:32]} {[%emt
00:00:04]} O-O {[%clk 01:32:34]} {[%emt 00:00:11]} 6. Bg5 {[%clk 01:32:55]}
{[%emt 00:00:18]} a6 {[%clk 01:32:59]} 7. Nf3 {[%clk 01:32:17]} {[%emt
00:00:53]} c5 {[%clk 01:33:17]} {[%emt 00:00:53]} 8. d5 {[%clk 01:32:32]} b5
{[%clk 01:33:34]} 9. Bd3 {[%clk 01:32:40]} {[%emt 00:00:26]} h6 {[%clk
01:33:57]} 10. Be3 {[%clk 01:32:25]} {[%emt 00:00:38]} e6 {[%clk 01:34:16]}
{[%emt 00:00:13]} 11. O-O {[%clk 01:29:11]} {[%emt 00:03:42]} exd5 {[%clk
01:34:39]} {[%emt 00:00:13]} 12. cxd5 {[%clk 01:28:39]} {[%emt 00:01:01]} Re8
{[%clk 01:35:02]} {[%emt 00:00:04]} 13. a3 {[%clk 01:27:48]} {[%emt 00:01:27]}
Nbd7 {[%clk 01:35:04]} {[%emt 00:00:20]} 14. Qd2 {[%clk 01:24:21]} {[%emt
00:06:29]} g5 {[%clk 01:35:27]} 15. Rfe1 {[%clk 01:19:54]} {[%emt 00:02:28]} g4
{[%clk 01:25:44]} {[%emt 00:10:17]} 16. hxg4 {[%clk 01:15:34]} {[%emt
00:04:47]} Nxg4 {[%clk 01:26:12]} {[%emt 00:00:36]} 17. Bf4 {[%clk 01:15:24]}
{[%emt 00:00:05]} Qf6 {[%clk 01:25:02]} {[%emt 00:01:44]} 18. Bg3 {[%clk
01:08:47]} {[%emt 00:07:03]} Nde5 {[%clk 01:22:07]} {[%emt 00:03:24]} 19. Be2
{[%clk 01:07:19]} {[%emt 00:02:34]} Nxf3+ {[%clk 01:10:15]} {[%emt 00:12:18]}
20. gxf3 {[%clk 01:00:49]} {[%emt 00:07:01]} Ne5 {[%clk 01:10:41]} 21. Kg2
{[%clk 01:01:00]} Bd7 {[%clk 00:58:34]} {[%emt 00:12:52]} 22. Rh1 {[%clk
00:56:56]} {[%emt 00:04:25]} b4 {[%clk 00:51:58]} {[%emt 00:06:52]} 23. Nd1
{[%clk 00:41:38]} {[%emt 00:16:18]} Rab8 {[%clk 00:45:48]} {[%emt 00:06:11]} 24.
Ne3 {[%clk 00:38:14]} {[%emt 00:03:50]} Qg6 {[%clk 00:45:16]} {[%emt 00:01:03]}
25. a4 {[%clk 00:29:51]} {[%emt 00:08:55]} f5 {[%clk 00:44:34]} {[%emt
00:01:34]} 26. f4 {[%clk 00:25:49]} {[%emt 00:04:17]} Nf7 {[%clk 00:44:30]}
{[%emt 00:00:26]} 27. exf5 {[%clk 00:22:17]} {[%emt 00:04:34]} Bxf5 {[%clk
00:41:57]} {[%emt 00:02:44]} 28. Nxf5 {[%clk 00:22:04]} {[%emt 00:00:52]} Qxf5
{[%clk 00:42:13]} {[%emt 00:00:04]} 29. Bxa6 {[%clk 00:21:18]} {[%emt
00:01:09]} c4 {[%clk 00:35:17]} {[%emt 00:07:24]} 30. Rae1 {[%clk 00:20:53]}
{[%emt 00:02:07]} Rxe1 {[%clk 00:32:49]} {[%emt 00:01:58]} 31. Rxe1 {[%clk
00:20:17]} {[%emt 00:00:53]} c3 {[%clk 00:32:58]} {[%emt 00:00:25]} 32. Qd3
{[%clk 00:19:22]} {[%emt 00:01:27]} Qxd3 {[%clk 00:33:22]} {[%emt 00:00:17]} 33.
Bxd3 {[%clk 00:19:48]} cxb2 {[%clk 00:33:29]} {[%emt 00:00:11]} 34. a5 {[%clk
00:19:27]} {[%emt 00:01:02]} Rc8 {[%clk 00:26:05]} {[%emt 00:08:05]} 35. a6
{[%clk 00:18:10]} {[%emt 00:01:23]} Bd4 {[%clk 00:26:28]} {[%emt 00:00:09]} 36.
Re4 {[%clk 00:15:55]} {[%emt 00:02:45]} Bc3 {[%clk 00:26:07]} {[%emt 00:01:00]}
37. Re7 {[%clk 00:13:19]} {[%emt 00:02:54]} Ra8 {[%clk 00:25:23]} {[%emt
00:01:53]} 38. a7 {[%clk 00:12:54]} {[%emt 00:00:18]} Bd4 {[%clk 00:25:39]}
{[%emt 00:01:00]} 39. Rb7 {[%clk 00:13:09]} Bxa7 {[%clk 00:19:39]} {[%emt
00:05:57]} 40. Rxb4 {[%clk 00:13:31]} {[%emt 00:00:09]} Rb8 {[%clk 00:20:06]}
{[%emt 00:00:12]} 41. Rxb8+ {[%clk 00:07:35]} {[%emt 00:06:16]} Bxb8 {[%clk
00:20:32]} {[%emt 00:00:52]} 42. Kf3 {[%clk 00:07:47]} h5 {[%clk 00:20:11]}
{[%emt 00:00:57]} 43. Ke4 {[%clk 00:07:36]} {[%emt 00:00:40]} Bc7 {[%clk
00:20:35]} 44. Kf5 {[%clk 00:01:41]} {[%emt 00:06:12]} Kg7 {[%clk 00:19:33]}
{[%emt 00:01:14]} 45. Ke6 {[%clk 00:01:04]} {[%emt 00:01:13]} Bd8 {[%clk
00:19:53]} {[%emt 00:00:31]} 46. Bb1 {[%clk 00:00:41]} {[%emt 00:00:40]} Bf6
{[%clk 00:20:12]} 47. Bd3 {[%clk 00:01:00]} {[%emt 00:00:12]} h4 {[%clk
00:18:42]} {[%emt 00:02:27]} 48. Bc2 {[%clk 00:00:47]} {[%emt 00:00:53]} hxg3
{[%clk 00:18:08]} {[%emt 00:01:10]} 49. fxg3 {[%clk 00:01:16]} Bd4 {[%clk
00:18:32]} 50. Kf5 {[%clk 00:00:49]} {[%emt 00:00:33]} Nh6+ {[%clk 00:16:57]}
{[%emt 00:01:54]} 51. Ke6 {[%clk 00:00:39]} {[%emt 00:00:34]} Nf7 {[%clk
00:14:51]} {[%emt 00:02:36]} 52. g4 {[%clk 00:00:36]} {[%emt 00:00:44]} Be3
{[%clk 00:15:09]} {[%emt 00:00:04]} 53. Kf5 {[%clk 00:00:48]} {[%emt 00:00:14]}
Nd8 {[%clk 00:13:42]} {[%emt 00:02:08]} 54. g5 {[%clk 00:00:37]} {[%emt
00:00:39]} Nb7 {[%clk 00:14:00]} {[%emt 00:00:07]} 55. Kg4 {[%clk 00:00:37]}
{[%emt 00:00:27]} Nc5 {[%clk 00:14:21]} {[%emt 00:00:26]} 56. f5 {[%clk
00:00:56]} {[%emt 00:00:15]} Na4 {[%clk 00:14:25]} {[%emt 00:00:05]} 57. f6+
{[%clk 00:01:19]} {[%emt 00:00:19]} Kf7 {[%clk 00:14:50]} {[%emt 00:00:12]} 58.
Kf5 {[%clk 00:00:40]} {[%emt 00:01:07]} Bxg5 {[%clk 00:13:19]} {[%emt
00:02:26]} 59. Kxg5 {[%clk 00:01:08]} Nc3 {[%clk 00:13:43]} 60. Bg6+ {[%clk
00:01:33]} Kf8 {[%clk 00:14:10]} 61. f7 {[%clk 00:00:33]} {[%emt 00:01:40]} Kg7
{[%clk 00:14:23]} 62. f8=Q+ {[%clk 00:00:46]} Kxf8 {[%clk 00:14:48]} {[%emt
00:00:17]} 63. Kf6 {[%clk 00:00:50]} {[%emt 00:00:20]} Nxd5+ {[%clk 00:15:14]}
0-1

[Event "Irwin/Haring/Denker/Barber/Rockefeller Championships 2021"]
[Site "Crowne Plaza Cherry Hill, United States"]
[Date "????.??.??"]
[Round "5.5"]
[White "Amburgy, Ryan"]
[Black "Peng, Shunkai"]
[Result "0-1"]
[TimeControl "G/90;+30"]
[BlackTitle "FM"]
[WhiteElo "2221"]
[BlackElo "2411"]

1. Nf3 {[%clk 01:30:58]} d5 {[%clk 01:30:40]} {[%emt 00:00:14]} 2. c4 {[%clk
01:31:22]} d4 {[%clk 01:28:14]} {[%emt 00:03:09]} 3. b4 {[%clk 01:31:33]} g6
{[%clk 01:25:53]} {[%emt 00:02:49]} 4. Bb2 {[%clk 01:23:37]} {[%emt 00:11:30]}
Bg7 {[%clk 01:26:05]} 5. Qa4+ {[%clk 01:23:32]} c6 {[%clk 01:23:41]} {[%emt
00:00:52]} 6. d3 {[%clk 01:19:49]} {[%emt 00:04:15]} e5 {[%clk 01:18:07]}
{[%emt 00:08:27]} 7. Nbd2 {[%clk 01:17:43]} {[%emt 00:00:03]} Ne7 {[%clk
01:10:14]} {[%emt 00:08:25]} 8. c5 {[%clk 01:12:50]} {[%emt 00:05:22]} Be6
{[%clk 01:08:05]} {[%emt 00:03:21]} 9. g3 {[%clk 01:05:59]} {[%emt 00:06:36]}
O-O {[%clk 01:04:15]} {[%emt 00:04:30]} 10. Bg2 {[%clk 01:04:51]} {[%emt
00:01:29]} Nd7 {[%clk 01:01:58]} {[%emt 00:10:31]} 11. Rc1 {[%clk 00:51:50]}
{[%emt 00:05:44]} h6 {[%clk 00:59:18]} {[%emt 00:03:11]} 12. O-O {[%clk
00:47:51]} {[%emt 00:04:33]} Nd5 {[%clk 00:55:37]} {[%emt 00:04:18]} 13. Ne4
{[%clk 00:44:59]} {[%emt 00:03:15]} b5 {[%clk 00:52:25]} {[%emt 00:04:10]} 14.
cxb6 {[%clk 00:43:25]} {[%emt 00:01:34]} axb6 {[%clk 00:48:21]} {[%emt
00:05:00]} 15. Qxc6 {[%clk 00:43:43]} Rxa2 {[%clk 00:48:06]} {[%emt 00:00:31]}
16. Rb1 {[%clk 00:42:31]} {[%emt 00:01:40]} Nxb4 {[%clk 00:43:48]} {[%emt
00:04:51]} 17. Qd6 {[%clk 00:39:35]} {[%emt 00:03:22]} Nc5 {[%clk 00:42:19]}
{[%emt 00:02:20]} 18. Qxd8 {[%clk 00:32:21]} {[%emt 00:07:33]} Rxd8 {[%clk
00:39:18]} {[%emt 00:03:27]} 19. Bxd4 {[%clk 00:32:47]} exd4 {[%clk 00:36:19]}
{[%emt 00:03:27]} 20. Rxb4 {[%clk 00:33:14]} {[%emt 00:00:18]} Rxe2 {[%clk
00:35:27]} {[%emt 00:01:06]} 21. Ne1 {[%clk 00:31:52]} {[%emt 00:02:29]} Rxe1
{[%clk 00:35:01]} {[%emt 00:00:26]} 22. Rxe1 {[%clk 00:32:21]} Nxd3 {[%clk
00:35:30]} 23. Reb1 {[%clk 00:32:29]} {[%emt 00:00:22]} Nxb4 {[%clk 00:35:51]}
{[%emt 00:00:05]} 24. Rxb4 {[%clk 00:32:58]} {[%emt 00:00:15]} d3 {[%clk
00:35:38]} {[%emt 00:00:36]} 25. Bf3 {[%clk 00:32:50]} {[%emt 00:00:32]} d2
{[%clk 00:26:56]} {[%emt 00:09:12]} 26. Bd1 {[%clk 00:33:03]} {[%emt 00:00:15]}
Rc8 {[%clk 00:27:16]} {[%emt 00:00:25]} 27. f3 {[%clk 00:31:26]} {[%emt
00:02:01]} Rc1 {[%clk 00:27:04]} {[%emt 00:01:12]} 28. Nf2 {[%clk 00:31:55]}
Bc3 {[%clk 00:27:18]} 29. Re4 {[%clk 00:30:12]} 0-1